000 00451nam a2200181Ia 4500
001 21099
005 20260306172854.0
008 260306t2010||||xx |||||||||||||| ||spa||
041 _aESP
082 _a344
_bP75
100 _aPolaino Navarrete, Miguel,
_eAUT
245 0 _aFundamentos dogmáticos del moderno derecho penal
260 _c2010
300 _a383 páginas :
_c23 cm.
650 _aGEN
654 _aCDE
942 _cLIB
_dJUS
_fJUS
_2ddc
_n
999 _c21099
_d21099